[Event "Dolakha Tamang Memorial"]
[Site "Dolakha"]
[Date "2023.05.20"]
[Round "3"]
[White "Singh, Y Dhanabir"]
[Black "Raj, Kumar Ray"]
[Result "1-0"]
[WhiteElo "2043"]
[BlackElo "1666"]
[PlyCount "99"]
[EventDate "2023.05.19"]
[EventType "swiss"]
[EventRounds "9"]
[EventCountry "NEP"]
[SourceTitle "EXT 2024"]
[Source "ChessBase"]
[SourceDate "2023.10.10"]
[SourceVersion "1"]
[SourceVersionDate "2023.10.10"]
[SourceQuality "1"]

1. e4 c5 2. f4 Nc6 3. Nf3 Qc7 4. d4 cxd4 5. Nxd4 e6 6. Nc3 a6 7. Be3 b5 8. Be2 Bb7 9. Bf3 Rc8 10. Nb3 d6 11. 0-0 Na5 12. Nxa5 Qxa5 13. Bd4 Ne7 14. f5 e5 15. Be3 Ng8 16. Kh1 Nf6 17. Bg5 Qd8 18. Qe2 Be7 19. Rad1 Qc7 20. a3 h6 21. Bxf6 Bxf6 22. Rf2 0-0 23. Rd3 Rfd8 24. Qd1 Qb6 25. Rfd2 Be7 26. Qe1 f6 27. Nd5 Bxd5 28. Rxd5 Qa5 29. c3 Qb6 30. Bd1 Kf8 31. Bb3 Rc5 32. R5d3 Qc7 33. Qh4 Qd7 34. Rg3 d5 35. Bxd5 Rxd5 36. Rxd5 Qc6 37. Qg4 Rxd5 38. Qxg7+ Ke8 39. Qg8+ Kd7 40. exd5 Qd6 41. Qe6+ Qxe6 42. dxe6+ Kd6 43. Rd3+ Kc6 44. Kg1 e4 45. Rd7 Bc5+ 46. Kf1 e3 47. Ke2 Bb6 48. b4 a5 49. Rd3 axb4 50. axb4 1-0